Wrongful trading and the construction industry (Record no. 14614)
[ view plain ]
| 000 -LEADER | |
|---|---|
| fixed length control field | 01151cab a2200193 4500 |
| 001 - CONTROL NUMBER | |
| control field | ABS40156 |
| 008 - FIXED-LENGTH DATA ELEMENTS--GENERAL INFORMATION | |
| fixed length control field | 090401t1988 xxu||||| |||| 00| 0 eng d |
| 035 ## - SYSTEM CONTROL NUMBER | |
| System control number | (Sirsi) u21800 |
| 041 ## - LANGUAGE CODE | |
| Language code of text/sound track or separate title | eng |
| 100 ## - MAIN ENTRY--PERSONAL NAME | |
| Personal name | Davis, R. |
| 245 ## - TITLE STATEMENT | |
| Title | Wrongful trading and the construction industry |
| 260 ## - PUBLICATION, DISTRIBUTION, ETC. | |
| Date of publication, distribution, etc. | 1988 |
| 350 ## - PRICE (NR) (BK AM CF MU VM SE) [OBSOLETE] | |
| Price | 0 |
| 490 ## - SERIES STATEMENT | |
| Series statement | Construction Law Journal |
| Volume/sequential designation | 4(3) 1988, 185-193(9) |
| 520 ## - SUMMARY, ETC. | |
| Summary, etc. | The construction industry gives rise to more insolvencies than any other industrial sector. The law relating to personal and corporate insolvency has been reformed as the Insolvency Act 1986 and its accompanying rules and regulations. Of the innovations made by the Act, the administration procedure has already been used in connection with construction companies but a claim for wrongful trading under section 214 has yet to be considered by the court, even though the section has been in force since April 28 1986. The purpose of this article is to explore ways in which the section might affect the construction industry. (From journal abstract) |
| 690 ## - LOCAL SUBJECT ADDED ENTRY--TOPICAL TERM (OCLC, RLIN) | |
| Topical term or geographic name as entry element | MANAGEMENT-BUSINESS MANAGEMENT-PROFESSIONAL PRACTICE |
| 942 ## - ADDED ENTRY ELEMENTS (KOHA) | |
| Suppress in OPAC | 0 |
| 948 ## - LOCAL PROCESSING INFORMATION (OCLC); SERIES PART DESIGNATOR (RLIN) | |
| c (OCLC) | 04/03/1997 |
| Withdrawn status | Lost status | Source of classification or shelving scheme | Damaged status | Not for loan | Home library | Current library | Shelving location | Date acquired | Total Checkouts | Full call number | Barcode | Date last seen | Copy number | Price effective from | Koha item type |
|---|---|---|---|---|---|---|---|---|---|---|---|---|---|---|---|
| Dewey Decimal Classification | London | London | Journal article | 14/09/1999 | ABS40156 | 21800-1001 | 06/08/2019 | 1 | 06/08/2019 | Journal article |